| 000 | 00923cam a2200265 4500 | ||
|---|---|---|---|
| 001 | sa 68016667 | ||
| 003 | DLC | ||
| 005 | 20260227112656.0 | ||
| 008 | 710414s1967 ii a 01000 eng | ||
| 010 | _asa 68016667 //r87 | ||
| 025 | _aPL480:I-E-10921 | ||
| 041 | 0 | _aenghinpun | |
| 050 | 0 |
_aBL2017.9.G6 _bS68 |
|
| 245 | 0 | 0 |
_aSouvenir-cum-commemoration volume: _bGuru Gobind Singh. |
| 260 | 0 |
_aPatna _b[Sri Guru Gobind Singh] Third Birth Centenary Celebration Committee _c[1967] |
|
| 300 |
_a1 v. (various pagings) _billus. (part col.) _c28 cm. |
||
| 350 | _a10.00 | ||
| 500 | _aCover title: Guru Gobind Singh 300th birthday souvenir. | ||
| 500 | _aEdited and compiled by Satbir Singh. | ||
| 500 | _aEnglish, Hindi, or Panjabi. | ||
| 600 | 0 | 0 |
_aGobind Singh, _cGuru, _d1666-1708. |
| 700 | 0 | 0 |
_aGobind Singh, _cGuru, _d1666-1708. |
| 700 | 0 | 0 |
_aSatbir Singh, _eed. |
| 740 | 1 | _aGuru Gobind Singh 300th birthday souvenir. | |
| 999 |
_c87240 _d87240 |
||